Merlin (Record no. 159498)
[ view plain ]
| 000 -LEADER | |
|---|---|
| campo de control de longitud fija | 00993nam a2200241 i 4500 |
| 001 - NÚMERO DE CONTROL | |
| campo de control | 159498 |
| 003 - IDENTIFICADOR DE NÚMERO DE CONTROL | |
| campo de control | ES-MaACL |
| 005 - FECHA Y HORA DE LA ÚLTIMA TRANSACCIÓN | |
| campo de control | 20250905135258.0 |
| 008 - DATOS DE LONGITUD FIJA--INFORMACIÓN GENERAL | |
| campo de control de longitud fija | 051011s1886 fr | |||||||| ||fre d |
| 040 ## - FUENTE DE CATALOGACIÓN | |
| Centro catalogador/agencia de origen | CAM |
| Lengua de catalogación | spa |
| Centro/agencia transcriptor | CAM |
| 080 ## - NÚMERO DE LA CLASIFICACIÓN DECIMAL UNIVERSAL | |
| Número de la Clasificación Decimal Universal | 821.133.1-31"12" |
| 130 0# - ENTRADA PRINCIPAL--TÍTULO UNIFORME | |
| Título uniforme | Estoire de Merlin. |
| 9 (RLIN) | 161450 |
| 245 10 - MENCIÓN DEL TÍTULO | |
| Título | Merlin |
| Resto del título | : roman en prose du XIIIe siècle / |
| Mención de responsabilidad, etc. | publiée avec la mise en prose du poème de Merlin de Robert de Boron d'aprés le manuscrit appartenant à Alfred H. Huth ; par Gaston Paris et Jacob Ulrich. |
| 260 ## - PUBLICACIÓN, DISTRIBUCIÓN, ETC. | |
| Lugar de publicación, distribución, etc. | Paris : |
| Nombre del editor, distribuidor, etc. | Firmin Didot et Cie., |
| Fecha de publicación, distribución, etc. | 1886 ( |
| Lugar de fabricación/manufactura | Le Puy : |
| Fabricante | Imprimerie de Marchesson fils) |
| 300 ## - DESCRIPCIÓN FÍSICA | |
| Extensión | 2 v. ([4], XCI, 280; 308 p.) ; |
| Dimensiones | 24 cm. |
| 490 1# - MENCIÓN DE SERIE | |
| Mención de serie | Sociètè des Anciens Textes Français |
| 700 1# - ENTRADA AGREGADA--NOMBRE PERSONAL | |
| Nombre de persona | Paris, Gaston, |
| Fechas asociadas al nombre | 1839-1903 |
| 9 (RLIN) | 89136 |
| 700 0# - ENTRADA AGREGADA--NOMBRE PERSONAL | |
| Nombre de persona | Ulrich, Jacob. |
| 9 (RLIN) | 111956 |
| 700 0# - ENTRADA AGREGADA--NOMBRE PERSONAL | |
| Nombre de persona | Robert de Boron. |
| 9 (RLIN) | 97817 |
| 830 0# - PUNTO DE ACCESO ADICIONAL DE SERIE-TÍTULO UNIFORME | |
| Título uniforme | Sociètè des Anciens Textes Français |
| 9 (RLIN) | 188203 |
| 852 ## - LOCALIZACIÓN | |
| Ubicación | ES-MaACL |
| Número de control de estantería | C-3181-82 |
| Nota libre | -- Enc. tela |
| Estatus retirado | Estado de pérdida | Estado de daño | No para préstamo | Colección | Biblioteca de origen | Biblioteca actual | Ubicación en estantería | Fecha de adquisición | Total de préstamos | Signatura topográfica completa | Código de barras | Visto por última vez | Precio de reemplazo | Tipo de ítem Koha |
|---|---|---|---|---|---|---|---|---|---|---|---|---|---|---|
| Libros del s. XIX | Biblioteca del Ateneo de Madrid | Biblioteca del Ateneo de Madrid | Sala Palomar | 17/01/2008 | C-3181-82 | 1166974 | 23/02/2023 | 23/02/2023 | Libro impreso antiguo |
